[Event "ch-AUT 2012"]
[Site "Zwettl AUT"]
[Date "2012.07.26"]
[Round "6.26"]
[White "Prager,M AUT"]
[Black "Kropik,M"]
[Result "1/2-1/2"]
[WhiteElo "2035"]
[BlackElo "2129"]

1.e4 d6 2.d4 Nf6 3.Nc3 c6 4.Nf3 Qa5 5.Bd2 Qc7 6.Be2 e5 7.O-O Be7 8.Bg5 O-O
9.h3 Nbd7 10.Qd2 b5 11.a3 a6 12.Rfd1 Re8 13.Bf1 Bf8 14.dxe5 dxe5 15.Qe1 h6
16.Be3 Nc5 17.Nd2 Ne6 18.Nf3 Nc5 19.Nd2 Be6 20.f3 Ncd7 21.Qf2 Kh8 22.Nb3 a5
23.Nc5 Nxc5 24.Bxc5 Nd7 25.Bxf8 Rxf8 26.b3 Rad8 27.Rd2 Nb6 28.Rad1 Rxd2 29.Qxd2 Nd7
30.Kh2 Rc8 31.Qe3 Qb6 32.Qd2 Kg8 33.Nb1 Qc5 34.b4 axb4 35.axb4 Qe7 36.Qc3 Qd8
37.Rd6 Qc7 38.Rd1 Kf8 39.Na3 Ke8 40.Qb2 Nb6 41.c3 Rd8 42.Qc1 Rxd1 43.Qxd1 Qd7
44.Qc1 Qd6 45.Qe3 Nd7 46.Be2 Ke7 47.Kg1 Qb8 48.Kh2 Qb6 49.Qxb6 Nxb6 50.Kg1 Kd6  1/2-1/2

[Event "27th Avoine Open"]
[Site "Avoine FRA"]
[Date "2012.07.27"]
[Round "7.36"]
[White "Demoulin,P"]
[Black "Naudion,G"]
[Result "0-1"]
[WhiteElo "1874"]
[BlackElo "2175"]

1.e4 d6 2.d4 Nf6 3.Nc3 Nbd7 4.f4 e5 5.Nf3 exd4 6.Nxd4 g6 7.Be2 Bg7 8.O-O O-O
9.Bf3 Re8 10.Nde2 Nc5 11.Ng3 h5 12.e5 Ng4 13.h3 Nh6 14.Be3 h4 15.Bxc5 dxc5
16.Qxd8 Rxd8 17.Nge4 Nf5 18.Rfd1 Nd4 19.Kf1 Re8 20.Nxc5 Nxf3 21.gxf3 b6 22.Nd3 Bb7
23.Kf2 g5 24.fxg5 Bxe5 25.Kg1 Bg3 26.Nf2 Rad8 27.Ng4 Rxd1+ 28.Rxd1 Kg7 29.Nf6 Re5
30.Nh5+ Kg6 31.Nxg3 hxg3 32.Rf1 Ba6 33.Rd1 c6 34.h4 Kh5 35.a3 Kxh4 36.Rd4+ Kxg5
37.Ne4+ Kf4 38.Nd2+ Ke3 39.c3 Be2 40.Nf1+ Bxf1 41.Kxf1 Rd5  0-1

[Event "45th Biel Masters Open"]
[Site "Biel SUI"]
[Date "2012.07.27"]
[Round "5"]
[White "Vorotnikov,V1"]
[Black "Pelletier,Y"]
[Result "1/2-1/2"]
[WhiteElo "2446"]
[BlackElo "2599"]

1.e4 d6 2.d4 Nf6 3.Nc3 e5 4.dxe5 dxe5 5.Qxd8+ Kxd8 6.f4 Nbd7 7.Bc4 Bb4 8.Bxf7 Nxe4
9.Ne2 exf4 10.Bxf4 Rf8 11.Bd5 Nxc3 12.Bg5+ Be7 13.Bxe7+ Kxe7 14.Nxc3 Ne5  1/2-1/2

[Event "23rd Czech Open A"]
[Site "Pardubice CZE"]
[Date "2012.07.27"]
[Round "8.90"]
[White "Kosata,J"]
[Black "Bystrov,SM"]
[Result "1/2-1/2"]
[WhiteElo "2123"]
[BlackElo "2291"]

1.e4 d6 2.d4 Nf6 3.Nc3 e5 4.Nf3 Nbd7 5.Bc4 Be7 6.O-O O-O 7.Qe2 c6 8.a4 b6
9.Rd1 Qc7 10.d5 c5 11.Nb5 Qd8 12.Bd3 a6 13.Na3 Re8 14.Rf1 Nf8 15.Ne1 Ng6
16.g3 h6 17.Ng2 Bf8 18.Be3 Qd7 19.b3 Qh3 20.f3 Qd7 21.Nb1 Qb7 22.c4 a5 23.Nc3 Bd7
24.Rae1 Qc8 25.Qd2 Bh3 26.Kh1 Qd7 27.Rg1 Be7 28.Bf2 Nh7 29.Ne3 Bg5 30.Qc2 h5
31.Nf5  1/2-1/2

[Event "Open ch-BUL w 2012"]
[Site "Vratsa BUL"]
[Date "2012.07.27"]
[Round "6.12"]
[White "Valeva,Ana"]
[Black "Ivanova,Si"]
[Result "0-1"]
[WhiteElo "1454"]
[BlackElo "1956"]

1.e4 d6 2.d4 Nf6 3.Nc3 Nbd7 4.Nf3 e5 5.Bc4 Be7 6.O-O O-O 7.h3 Nb6 8.Bb3 exd4
9.Qxd4 Nfd7 10.Nd5 Nxd5 11.Bxd5 Bf6 12.Qd1 c6 13.Bc4 b5 14.Bd3 Nc5 15.c3 Be6
16.Bc2 Qc7 17.Bf4 Rad8 18.Re1 a5 19.Nd4 Nb7 20.Qe2 Bc4 21.Bd3 Bxd3 22.Qxd3 Nc5
23.Qg3 Rfe8 24.Qe3 Rxe4 25.Qd2 Rxe1+ 26.Rxe1 Qd7 27.Qe3 Bxd4 28.Qxd4 Ne6
29.Qe3 d5 30.Be5 c5 31.Rd1 f6 32.Bg3 d4 33.cxd4 cxd4 34.Qd2 a4  0-1

[Event "27th Avoine Open"]
[Site "Avoine FRA"]
[Date "2012.07.28"]
[Round "8.24"]
[White "De la Fontaine,C"]
[Black "Decosse,J"]
[Result "1/2-1/2"]
[WhiteElo "2035"]
[BlackElo "2216"]

1.e4 d6 2.d4 Nf6 3.Nc3 e5 4.dxe5 dxe5 5.Qxd8+ Kxd8 6.Bc4 Bb4 7.Bd2 Ke7 8.Nge2 Be6
9.Bxe6 Kxe6 10.O-O-O c6 11.f3 a5 12.g4 Rd8 13.h4 Na6 14.h5 g6 15.Ng3 b5 16.Nce2 Bxd2+
17.Rxd2 Rxd2 18.Kxd2 Rd8+ 19.Kc1 Nc5 20.hxg6 hxg6 21.Rd1 Rh8 22.Rh1 Ra8 23.g5 Nfd7
24.Rh7 Ke7 25.Rh4 Ne6 26.Rg4 Rh8 27.Kd2 Rh2 28.Ke3 Ndf8 29.Nf1 Rh1 30.Rg1 Rxg1
31.Nxg1 Nxg5 32.Nd2 Nfe6 33.Ne2 Nh3 34.a4 Kd6 35.Nb3 Nc5 36.Nxa5 Nxa4 37.b3 Nc5
38.b4 Na6 39.c3 Ng5 40.Nc1 Ne6 41.Nd3 f6 42.Nf2 c5 43.c4 cxb4 44.cxb5 Nac5
45.b6 Nd4 46.f4 Nc2+ 47.Kd2 Na3 48.fxe5+ fxe5 49.b7 Nd7 50.Nd3 Kc7 51.Nxb4 Nb8
52.Nd5+ Kd6 53.Ke2 Kc5 54.Ne7 Kb6 55.Nac6 Kxb7  1/2-1/2

[Event "27th Avoine Open"]
[Site "Avoine FRA"]
[Date "2012.07.28"]
[Round "8.27"]
[White "Garnier,T"]
[Black "Naudion,G"]
[Result "1/2-1/2"]
[WhiteElo "2055"]
[BlackElo "2175"]

1.e4 d6 2.d4 Nf6 3.Nc3 Nbd7 4.g4 h6 5.h3 e5 6.Bg2 Be7 7.Nge2 g5 8.Be3 c6
9.Ng3 Nf8 10.dxe5 dxe5 11.Nf5 Ng6 12.Qxd8+ Bxd8 13.Rd1 Bxf5 14.exf5 Nf4 15.Bxf4 exf4
16.Ne4 Nxe4 17.Bxe4  1/2-1/2

[Event "27th Avoine Open"]
[Site "Avoine FRA"]
[Date "2012.07.28"]
[Round "8.20"]
[White "Gerard,N"]
[Black "Egreteau,E"]
[Result "1/2-1/2"]
[WhiteElo "2279"]
[BlackElo "2044"]

1.d4 d6 2.e4 Nf6 3.Nc3 Nbd7 4.f4 c6 5.Nf3 Qa5 6.Bd2 Qc7 7.e5 Nd5 8.Ne4 b5
9.a4 b4 10.c4 bxc3 11.bxc3 a5 12.Bd3 g6 13.Qe2 dxe5 14.fxe5 e6 15.O-O h6
16.Nh4 g5 17.Qh5 gxh4 18.Rxf7 Kd8 19.Be1 Ba6 20.Bxh4+ Kc8 21.Bxa6+ Rxa6 22.c4 Qb6
23.Bf2 Qb2 24.Rf1 Nc3 25.Qg4 Nxe4 26.Qxe6 Ba3 27.Qxd7+ Kb8 28.e6 Nxf2 29.R7xf2 Qb7
30.Qxb7+ Kxb7 31.Rf7+ Kc8 32.c5 Re8 33.Rh7 Bb2 34.Rf4 Bc1 35.Re4 Ra8 36.g4 Bg5
37.h4 Bxh4 38.Rxh6 Be7 39.Rh7 Rb8 40.Kg2 Rb4 41.Kf3 Rxa4 42.Kf4 Ra1 43.Ke5 Kd8
44.d5 cxd5 45.Rd4 Re1+ 46.Kxd5 Kc7 47.Ra4 Rd8+ 48.Kc4 Re4+  1/2-1/2

[Event "3rd Terre degli Elimi"]
[Site "Erice ITA"]
[Date "2012.07.28"]
[Round "4"]
[White "Piazza,Dario"]
[Black "Mancuso,Fabrizio"]
[Result "1-0"]
[WhiteElo "1832"]
[BlackElo "1607"]

1.e4 d6 2.d4 Nf6 3.Nc3 Nbd7 4.f4 e5 5.Nf3 exd4 6.Qxd4 Nb6 7.h3 Be7 8.Be3 c6
9.g4 d5 10.exd5 Nfxd5 11.Nxd5 Nxd5 12.O-O-O Qb6 13.Bf2 Qxd4 14.Rxd4 O-O 15.c4 Nb6
16.Re4 Bd8 17.f5 Bd7 18.Bg3 Re8 19.Rxe8+ Bxe8 20.Bd3 Be7 21.Re1 Bb4 22.Re2 f6
23.a3 Bc5 24.b4 Bf8 25.Kc2 Bf7 26.Nd2 c5 27.b5 Nd7 28.Be4 Re8 29.Kd3 b6 30.Bc6 Rxe2
31.Kxe2 Ne5 32.Bxe5 fxe5 33.Kd3 g6 34.Nf3 Bg7 35.Bd5 Bxd5 36.cxd5 gxf5 37.gxf5 Kf7
38.Ke4 c4 39.d6 Bf6 40.Nxe5+ Bxe5 41.Kxe5 c3 42.f6 c2 43.d7 c1=Q 44.d8=Q Qe3+
45.Kd6 Qf4+ 46.Kc6 Qc4+ 47.Kb7 Qe4+ 48.Kxa7 Qa4+ 49.Kxb6 Qxa3 50.Qe7+  1-0

[Event "30th Andorra Open"]
[Site "Erts-La Massana AND"]
[Date "2012.07.28"]
[Round "8.17"]
[White "Hoolt,S"]
[Black "Valdes,Le"]
[Result "1/2-1/2"]
[WhiteElo "2272"]
[BlackElo "2380"]

1.e4 d6 2.d4 Nf6 3.Nc3 e5 4.Nf3 Nbd7 5.Bc4 Be7 6.O-O O-O 7.Re1 c6 8.a4 a5
9.b3 exd4 10.Nxd4 Nb6 11.Bf1 d5 12.e5 Ne4 13.Nxe4 dxe4 14.Bb2 f5 15.Qh5 Qe8
16.Qxe8 Rxe8 17.g4 fxg4 18.Rxe4 g6 19.e6 Bf6 20.Rae1 Nd5 21.Bc4 h5 22.Ba1 Kg7
23.h3 gxh3 24.Kh2 Kg8 25.f4 Ne7 26.Nxc6 Bxa1 27.Nxe7+ Rxe7 28.Rxa1 b6 29.Bd5 Bb7
30.c4 Rd8 31.Rg1 Kh7 32.Rg5 Kh6 33.Kxh3 Bc8 34.Kh4 Rf8 35.Kg3 Kg7 36.Rge5 Kf6
37.Re1 Rfe8 38.Bc6 Rd8 39.Rd5 Rd6 40.Rde5 Rd8 41.Bd5 Rd6 42.f5 gxf5 43.Kf4 Bxe6
44.R1e2 h4 45.R2e3 Re8 46.Bxe6 Rexe6 47.Rxf5+ Ke7 48.Rxe6+ Kxe6 49.Rh5 Rd3
50.Rh6+ Kd7 51.Rxb6 h3 52.Ke4 Kc7 53.c5 h2 54.Rh6 Rxb3 55.Kd5 Rd3+ 56.Kc4 Rd2
57.Kb5 Rb2+ 58.Kxa5 Kb7 59.c6+ Kc7 60.Ka6 Rc2 61.Kb5 Rb2+ 62.Kc5  1/2-1/2

[Event "XIV ch-Gdansk Int 2012"]
[Site "Gdansk POL"]
[Date "2012.07.28"]
[Round "8.16"]
[White "Zhuk,I"]
[Black "Grajczak,A"]
[Result "1/2-1/2"]
[WhiteElo "1904"]
[BlackElo "1999"]

1.e4 d6 2.d4 Nf6 3.Nc3 e5 4.dxe5 dxe5 5.Qxd8+ Kxd8 6.Bg5 Be6 7.O-O-O+ Nd7
8.Nf3 Kc8 9.Bb5 c6 10.Ba4 Bc5 11.Bh4 Ng4 12.Rd2 Bb4 13.Bb3 Bxb3 14.axb3 f6
15.h3 Nh6 16.g4 g5 17.Bg3 Nc5 18.Re2 Ne6 19.Nd1 Nf4 20.Bxf4 gxf4 21.c3 Bc5
22.b4 Bb6 23.b3 a5 24.Ra2 Kd7 25.bxa5 Bxa5 26.Re1 Nf7 27.Ree2 Bb6 28.Kb1 Rxa2
29.Kxa2 h5 30.gxh5 Rxh5 31.h4 Ke6 32.b4 f5 33.exf5+ Kxf5 34.Nb2 Kg4 35.Nd2 Bd8
36.Nbc4 Bxh4 37.f3+ Kf5 38.Ne4 Be7 39.Na5 Nd8 40.Nf2 Rh2 41.Kb3 Rg2 42.Nc4 Nf7
43.Rc2 Rg3 44.Nd2 Ng5 45.Nde4 Nxe4 46.fxe4+ Ke6 47.Rc1 Re3 48.Rh1 b5 49.Rh6+ Bf6  1/2-1/2

[Event "Politiken Cup 2012"]
[Site "Helsingor DEN"]
[Date "2012.07.28"]
[Round "1.122"]
[White "Jensen,Torben Brieghel"]
[Black "Andersen,Finn"]
[Result "0-1"]
[WhiteElo "1514"]
[BlackElo "2036"]

1.e4 d6 2.d4 Nf6 3.Nc3 Nbd7 4.Nf3 e5 5.Be3 c6 6.Bc4 Be7 7.Qd2 b5 8.Bxf7+ Kxf7
9.Ng5+ Kg8 10.Ne6 Qa5 11.Qd3 Nf8 12.Ng5 Ne6 13.O-O exd4 14.Nxe6 Bxe6 15.Qxd4 b4
16.Ne2 c5 17.Qd3 Qc7 18.Ng3 Rd8 19.Bf4 g6 20.Qe2 Nd7 21.Bh6 Ne5 22.f4 Bc4
23.Qd2 Nf7 24.f5 Bxf1 25.Rxf1 Bf6 26.Qd5 Qe7 27.fxg6 hxg6 28.Be3 Kg7 29.Rf4 Ne5  0-1

[Event "Politiken Cup 2012"]
[Site "Helsingor DEN"]
[Date "2012.07.28"]
[Round "1.84"]
[White "Tryggestad,Andreas Garberg"]
[Black "Lilja,R"]
[Result "0-1"]
[WhiteElo "1721"]
[BlackElo "2136"]

1.e4 d6 2.d4 Nf6 3.Nc3 e5 4.dxe5 dxe5 5.Qxd8+ Kxd8 6.Bg5 c6 7.O-O-O+ Kc7
8.Bc4 Be6 9.Bxe6 fxe6 10.Nf3 Bb4 11.Nxe5 Bxc3 12.bxc3 Nxe4 13.Bf4 g5 14.f3 Nxc3
15.Bg3 Ne2+ 16.Kb2 Rg8 17.Rd2 Nxg3 18.hxg3 Rg7 19.Rh6 Na6 20.Rxe6 Nc5 21.Red6 Re8
22.Ng4 Na4+ 23.Kb3 Nb6 24.Nf6 Re1 25.c3 a5 26.Rd8 a4+ 27.Kc2 Rge7 28.Rh8 Nc4
29.Rd4 R7e2+ 30.Kd3 Nb2+  0-1

[Event "Open ch-BUL w 2012"]
[Site "Vratsa BUL"]
[Date "2012.07.28"]
[Round "8.7"]
[White "Ivanova,Si"]
[Black "Yordanova,S"]
[Result "1/2-1/2"]
[WhiteElo "1956"]
[BlackElo "2111"]

1.e4 d6 2.d4 Nf6 3.Nc3 e5 4.Nf3 Nbd7 5.Bc4 Be7 6.O-O O-O 7.a4 a6 8.Re1 b6
9.Nd5 Bb7 10.Nxe7+ Qxe7 11.Bd3 Rfe8 12.c3 Nf8 13.Qc2 Ng6 14.dxe5 dxe5 15.Bc4 h6
16.b3 Nh5 17.g3 c6 18.b4 b5 19.Bb3 Nf6 20.Be3 Nh7 21.Rad1 Qf6 22.Qe2 Bc8
23.Kg2 Nhf8 24.Nd2 Be6 25.a5 Rad8 26.Bxe6 Nxe6 27.Nf3 Qe7 28.Rxd8 Rxd8 29.Rd1 Rd7
30.Rxd7 Qxd7 31.Qd2 Qxd2 32.Nxd2 Ngf8 33.f4 Nd7 34.Nb3 h5 35.Kf3 Kf8  1/2-1/2

[Event "PAB Romania Open 2012"]
[Site "Arad ROU"]
[Date "2012.07.29"]
[Round "3.17"]
[White "Stefan,Romulus-Cristian"]
[Black "Georgescu,T"]
[Result "0-1"]
[WhiteElo "2180"]
[BlackElo "2401"]

1.e4 d6 2.d4 Nf6 3.Nc3 e5 4.Nf3 Nbd7 5.Bc4 Be7 6.O-O O-O 7.a4 c6 8.Ba2 Qc7
9.Re1 b6 10.Nh4 exd4 11.Nf5 Nc5 12.Nxe7+ Qxe7 13.Qxd4 Qe5 14.Qxe5 dxe5 15.Bg5 Rd8
16.Rad1 Be6 17.Bxe6 Nxe6 18.Bxf6 gxf6 19.Ne2 Nc5 20.Nc3 Rd4 21.f3 Rad8 22.b3 Na6
23.Rxd4 exd4 24.Na2 c5 25.Kf2 c4 26.Rd1 Nc5 27.Nb4 cxb3 28.cxb3 Nxb3 29.Nd5 f5
30.Ne7+ Kf8 31.Nxf5 d3 32.Ne3 Rd4 33.Nd5 d2 34.Nc3 Rc4 35.Nb1 Rxa4  0-1

[Event "PAB Romania Open 2012"]
[Site "Arad ROU"]
[Date "2012.07.29"]
[Round "4.5"]
[White "Murariu,A"]
[Black "Georgescu,T"]
[Result "1/2-1/2"]
[WhiteElo "2498"]
[BlackElo "2401"]

1.e4 d6 2.d4 Nf6 3.Nc3 e5 4.Nf3 Nbd7 5.Bc4 Be7 6.O-O O-O 7.Re1 c6 8.a4 b6
9.Bg5 a6 10.d5 c5 11.Bf1 Ne8 12.h4 g6 13.g3  1/2-1/2

[Event "PAB Romania Open 2012"]
[Site "Arad ROU"]
[Date "2012.07.29"]
[Round "4.25"]
[White "Cvetanovic,U"]
[Black "Muller,W"]
[Result "1-0"]
[WhiteElo "2225"]
[BlackElo "1957"]

1.e4 d6 2.d4 Nf6 3.Nc3 c6 4.f4 Qa5 5.Bd3 e5 6.Nf3 exf4 7.Bxf4 Bg4 8.Qd2 Be7
9.h3 Bc8 10.Qf2 Nbd7  1-0

[Event "Politiken Cup 2012"]
[Site "Helsingor DEN"]
[Date "2012.07.29"]
[Round "2.99"]
[White "Olsen,Kar"]
[Black "Christensen,Uffe Stenberg"]
[Result "0-1"]
[WhiteElo "1618"]
[BlackElo "1913"]

1.e4 d6 2.d4 Nf6 3.Nc3 c6 4.Be2 Nbd7 5.f4 Qa5 6.Bd2 e5 7.Nf3 exd4 8.Nxd4 Qb6
9.Nb3 Be7 10.Bf3 O-O 11.Qe2 Re8 12.Be3 Qc7 13.g4 Nc5 14.Nxc5 dxc5 15.g5 Nd7
16.h4 b5 17.e5 Rb8 18.O-O-O Nb6 19.Ne4 Nd5 20.Rxd5 cxd5 21.Nf6+ gxf6 22.gxf6 Bf8
23.Rg1+ Kh8 24.Bxd5 Bf5 25.Rg5 Qd7 26.Qg2 Bh6 27.Rxf5 Qxf5 28.Bxf7 Rxe5 29.fxe5 Bxe3+
30.Kb1 Bh6 31.e6 Rd8 32.Qg1 Qxf6 33.a3 Bg7 34.c3 Qf5+ 35.Ka2 Qd5+ 36.Kb1 Qd1+
37.Qxd1 Rxd1+ 38.Kc2 Re1 39.Kd2 Re5 40.h5 Bf6  0-1

[Event "Politiken Cup 2012"]
[Site "Helsingor DEN"]
[Date "2012.07.29"]
[Round "3.89"]
[White "Aartun,Eivind"]
[Black "Andersen,Finn"]
[Result "0-1"]
[WhiteElo "1777"]
[BlackElo "2036"]

1.e4 d6 2.d4 Nf6 3.Nc3 Nbd7 4.Nf3 e5 5.Bc4 Be7 6.O-O c6 7.a4 O-O 8.Re1 b6
9.Bg5 a6 10.Qd2 h6 11.Be3 Nh7 12.b4 Bb7 13.dxe5 dxe5 14.Red1 Nhf6 15.Rab1 b5
16.Ba2 a5 17.bxa5 Qxa5 18.Qd3 b4 19.Ne2 Rad8 20.Qb3 Nxe4 21.c3 c5 22.cxb4 cxb4
23.Bd2 Nxd2 24.Nxd2 Qa8 25.Nc4 Bxg2 26.Rxd7 Rxd7 27.Nb6 Bd5 28.Nxd5 Bc5 29.Rd1 Qd8
30.Qg3 Kh8 31.Qg4 f5 32.Qh5 Qg5+ 33.Qxg5 hxg5 34.Rb1 Rfd8 35.Rd1 g6 36.Kf1 Kg7
37.Bb3 Rh8 38.Rc1 Bf8 39.Kg2 g4 40.Rc7 Rxc7 41.Nxc7 Bd6 42.Nd5 Rh3 43.Bc4 Ra3
44.Bb5 b3 45.Nec3 e4 46.Ne3 Ra1 47.Nc4 Bc7 48.Ne2 f4  0-1

[Event "Politiken Cup 2012"]
[Site "Helsingor DEN"]
[Date "2012.07.29"]
[Round "3.5"]
[White "Salgado Lopez,I"]
[Black "Cherednichenko,S"]
[Result "1/2-1/2"]
[WhiteElo "2635"]
[BlackElo "2293"]

1.d4 d6 2.e4 Nf6 3.Nc3 e5 4.dxe5 dxe5 5.Qxd8+ Kxd8 6.Bc4 Be6 7.Bxe6 fxe6
8.Be3 Bd6 9.f3 Ke7 10.Nh3 Nbd7 11.Nf2 Bc5 12.Ke2 Bxe3 13.Kxe3 a6 14.a4 g5
15.h4 gxh4 16.Rxh4 h5 17.Ne2 Rhg8 18.g3 b5 19.Nd3 c5 20.Rhh1 Rgc8 21.axb5 axb5
22.Rhd1 Rg8 23.Kf2 Rgb8 24.b3 b4 25.Rdb1 Ne8 26.Nb2 Nd6 27.Rh1 Nb5 28.Nc4 Nd4
29.Nxd4 cxd4 30.Ke2 Kf6 31.Rxa8 Rxa8 32.Rxh5 Ra2 33.Rh6+ Kg7 34.Rxe6 Nc5
35.Rxe5 d3+ 36.Kd2 Rxc2+ 37.Ke3 Nxb3 38.Nd6 Nc1 39.Nf5+ Kf6 40.Rb5 Re2+ 41.Kf4 d2
42.Rd5 b3 43.e5+ Kf7 44.Rd7+ Ke8 45.e6 b2 46.Re7+ Kd8 47.Rd7+ Ke8 48.Re7+ Kd8
49.Rd7+ Ke8  1/2-1/2

[Event "PAB Romania Open 2012"]
[Site "Arad ROU"]
[Date "2012.07.30"]
[Round "5.12"]
[White "Stefan,Romulus-Cristian"]
[Black "Vedmediuc,S"]
[Result "1-0"]
[WhiteElo "2180"]
[BlackElo "2468"]

1.e4 d6 2.d4 Nf6 3.Nc3 c6 4.h3 e5 5.Nf3 Nbd7 6.a4 Qc7 7.Bd3 g6 8.O-O Bg7
9.dxe5 dxe5 10.Be3 O-O 11.a5 Rd8 12.Qb1 Nf8 13.Bc4 Be6 14.Qa2 b5 15.axb6 axb6
16.Qb3 b5 17.Bxe6 Nxe6 18.Rxa8 Rxa8 19.Rd1 Nd7 20.Ng5 Nxg5 21.Bxg5 Nc5 22.Qb4 Bf8
23.Be3 Ne6 24.Qb3 h5 25.Ne2 Qa5 26.c3 Qa4 27.Qxa4 Rxa4 28.f3 Ra2 29.Rb1 Ba3
30.Bc1 Bc5+ 31.Kf1 Ra7 32.Bd2 Rd7 33.Rd1 Bb6 34.Ke1 h4 35.Nc1 f6 36.Ke2 Kf7
37.b4 Ra7 38.Kd3 f5 39.Re1 Kf6 40.Kc2 Bf2 41.Rf1 Bg3 42.Be3 Ra6 43.Kb2 Bf4
44.Bf2 Bxc1+ 45.Rxc1 Nf4 46.Rd1 Nxg2 47.Rd8 fxe4 48.fxe4 g5 49.Bc5 Nf4 50.Rf8+ Kg6
51.Rg8+ Kh6 52.Bf8+ Kh5 53.Bd6 Nxh3 54.Bxe5 Nf2 55.Bd4 Nxe4 56.Re8 Ng3 57.Be5 Kg4
58.Bd4 h3 59.Bg1 Kf3 60.Rd8  1-0

[Event "PAB Romania Open 2012"]
[Site "Arad ROU"]
[Date "2012.07.30"]
[Round "5.6"]
[White "Chirila,I"]
[Black "Sanduleac,V"]
[Result "0-1"]
[WhiteElo "2504"]
[BlackElo "2405"]

1.d4 d6 2.e4 Nf6 3.Nc3 e5 4.Nf3 Nbd7 5.Bc4 Be7 6.O-O O-O 7.Re1 a6 8.a4 b6
9.Ne2 exd4 10.Qxd4 c5 11.Qd1 Ne5 12.Nxe5 dxe5 13.Nc3 Qxd1 14.Rxd1 Bb7 15.Bg5 Rad8
16.Bxf6 Bxf6 17.Bd5 Bc8 18.Rd3 Rd7 19.g3 Rfd8 20.Ra3 Kf8 21.Nd1 Be7 22.Rab3 b5
23.axb5 axb5 24.Rf3 Rxd5 25.exd5 Bg4 26.h3 Bxf3 27.Rxf3 Rxd5 28.Rd3 Rxd3
29.cxd3 f5 30.b3 Kf7 31.Kf1 Ke6 32.Nc3 b4 33.Nd1 Bg5 34.Nb2 Kd5 35.Ke2 Kd4
36.Na4 e4 37.dxe4 fxe4 38.h4 Bd8 39.Kd2 c4 40.bxc4 Kxc4 41.Ke3 b3 42.Nb2+ Kd5
43.Kd2 Bf6 44.Nd1 Bd4 45.Nc3+  0-1

[Event "Washington International 2012"]
[Site "Rockville USA"]
[Date "2012.07.30"]
[Round "5"]
[White "Liang,Awonder"]
[Black "Foisor,S"]
[Result "1/2-1/2"]
[WhiteElo "1922"]
[BlackElo "2356"]

1.e4 d6 2.d4 Nf6 3.Nc3 e5 4.dxe5 dxe5 5.Qxd8+ Kxd8 6.Bc4 Be6 7.Bxe6 fxe6
8.f3 a6 9.a4 Bc5 10.Bg5 Nc6 11.O-O-O+ Ke7 12.Nge2 h6 13.Bd2 b5 14.b3 Nd4
15.Rhe1 Rhb8 16.Kb2 Rd8 17.Nc1 Bd6 18.N3e2 Nxe2 19.Rxe2 Nd7 20.a5 c5 21.Nd3 Rac8
22.c4 Nb8 23.Be3 bxc4 24.bxc4 Nc6 25.Ra1 Rb8+ 26.Kc2 Rdc8 27.Kd1 Rb3 28.Rd2 Rc3
29.Ra4 Rb8 30.Bf2 Rb1+ 31.Ke2 Nd4+ 32.Bxd4 cxd4 33.f4 Kf6 34.c5 Bxc5 35.fxe5+ Kg5
36.Nxc5 Rxc5 37.Raxd4 Rxa5 38.Rd7 Rxe5 39.Rxg7+ Kf6 40.Rh7 Rxe4+ 41.Kf3 Rh4
42.g3 Rb3+ 43.Kg2 Rh5 44.Rf2+ Kg6 45.Ra7 Ra5 46.Ra8 Rb6 47.Rg8+ Kh7 48.Rgf8 Rb7
49.Re8 Re5 50.Rf6 Rb2+ 51.Kh3 Ree2 52.Re7+ Kg8 53.Rfxe6 Rxh2+ 54.Kg4 Rb4+
55.Kf3 Rb3+ 56.Kg4 h5+ 57.Kg5 Rxg3+ 58.Kh6 Rf2 59.Rxa6 h4 60.Ra8+ Rf8 61.Rxf8+ Kxf8
62.Re2 h3 63.Rh2 Kf7 64.Kh5 Kf6 65.Kh4 Rg8 66.Kxh3 Rh8+ 67.Kg2 Rxh2+ 68.Kxh2  1/2-1/2

[Event "Pays de Charleroi Open 2012"]
[Site "Roux BEL"]
[Date "2012.07.30"]
[Round "3.18"]
[White "Hanset,M"]
[Black "Barbier,Wim"]
[Result "0-1"]
[WhiteElo "1904"]
[BlackElo "2148"]

1.e4 d6 2.d4 Nf6 3.Nc3 e5 4.Nf3 Nbd7 5.Bd3 c6 6.O-O Be7 7.Ne2 exd4 8.Nexd4 Ne5
9.h3 O-O 10.Bf4 c5 11.Bxe5 dxe5 12.Nb5 a6 13.Nc3 Qc7 14.Qe2 b5 15.Nd5 Nxd5
16.exd5 c4 17.Be4 Qd6 18.g4 g6 19.c3 f5 20.gxf5 gxf5 21.Bc2 e4 22.Nh2 Bb7
23.f3 Qg3+ 24.Kh1 Qxh3 25.fxe4 Bd6 26.Qg2+ Qxg2+ 27.Kxg2 Rae8 28.Rae1 fxe4
29.Ng4 Rxf1 30.Rxf1 Kg7 31.Ne3 Kg6 32.Ng4 Kg5 33.Nf6 Rd8 34.Bxe4 Bc8 35.Nxh7+ Kh4
36.Bf3 Bh3+  0-1

[Event "Politiken Cup 2012"]
[Site "Helsingor DEN"]
[Date "2012.07.31"]
[Round "5.7"]
[White "Kristiansen,Jen"]
[Black "Markus,Rob"]
[Result "0-1"]
[WhiteElo "2426"]
[BlackElo "2599"]

1.e4 d6 2.d4 Nf6 3.Nc3 e5 4.Nf3 Nbd7 5.Bc4 Be7 6.O-O O-O 7.Re1 c6 8.a4 a5
9.h3 h6 10.Ba2 Re8 11.Nh4 exd4 12.Qxd4 Nf8 13.Be3 Be6 14.Nf3 Bxa2 15.Rxa2 Ne6
16.Qd2 Qc7 17.Nd4 Rad8 18.Raa1 Bf8 19.f3 d5 20.exd5 Nxd5 21.Nxd5 Rxd5 22.Qf2 Nf4
23.Rad1 Rg5 24.Bxf4 Rxe1+ 25.Rxe1 Qxf4 26.c3 Bc5 27.Re4 Qf6 28.Qc2 g6 29.Kf1 Qd6
30.Qd2 Qh2 31.Rg4 Re5 32.Re4 Rxe4 33.fxe4 Qh1+ 34.Kf2 Qb1 35.Kf3 h5 36.Qe2 Qa2
37.b3 Qb1 38.Qc4 Bd6 39.Kf2 Qxe4 40.Qe2 Qf4+ 41.Qf3 Qd2+ 42.Kf1 Be5 43.Qe2 Qc1+
44.Kf2 Bxd4+ 45.cxd4 Qf4+ 46.Ke1 Qxd4  0-1

[Event "Pays de Charleroi Open 2012"]
[Site "Roux BEL"]
[Date "2012.07.31"]
[Round "5.14"]
[White "Baudoin,Olivier"]
[Black "Barbier,Wim"]
[Result "0-1"]
[WhiteElo "1937"]
[BlackElo "2148"]

1.d4 d6 2.e4 Nf6 3.Nc3 e5 4.dxe5 dxe5 5.Qxd8+ Kxd8 6.Nf3 Bd6 7.Bc4 Ke8 8.O-O Nbd7
9.Be3 a6 10.Rad1 h6 11.h3 g5 12.a3 Be7 13.h4 g4 14.Ne1 c6 15.f4 gxf3 16.Nxf3 Rh7
17.Nd2 b5 18.Be2 a5 19.Bd3 Nf8 20.Nf3 Ng4 21.Bb6 Nd7 22.Bf2 Ndf6 23.Rd2 Nxf2
24.Kxf2 Ng4+ 25.Ke2 Be6 26.b3 b4 27.Nd1 bxa3 28.Ne3 Bb4 29.c3 Nxe3 30.Kxe3 Bxc3
31.Rc2 Bb2 32.Bc4 Rb8 33.Bxe6 fxe6 34.Nd2 Rg7 35.Nc4 Bd4+ 36.Kd2 Rxg2+ 37.Kd1 Rxc2
38.Kxc2 a2 39.Nb2 a4 40.Ra1 axb3+  0-1

[Event "Tabor Open 2012"]
[Site "Tabor CZE"]
[Date "2012.07.31"]
[Round "4.16"]
[White "Vybiral,Z"]
[Black "Chalupecky,V"]
[Result "1-0"]
[WhiteElo "2187"]
[BlackElo "1964"]

1.d4 d6 2.e4 Nf6 3.Nc3 Nbd7 4.Nf3 e5 5.Bc4 Be7 6.Ng5 O-O 7.Bxf7+ Rxf7 8.Ne6 Qe8
9.Nxc7 Qd8 10.Nxa8 exd4 11.Qxd4 d5 12.Nxd5 Nxd5 13.Qxd5 Bc5 14.O-O Qf8 15.Nc7 Nf6
16.Qc4 Qd6 17.Nd5 Ng4 18.Bf4 Qb6 19.Qe2 g5 20.Bg3 h5 21.h4 Qg6 22.Qb5 gxh4
23.Qxc5  1-0

[Event "45th Biel Masters Open"]
[Site "Biel SUI"]
[Date "2012.08.01"]
[Round "9"]
[White "Bok,B"]
[Black "Pelletier,Y"]
[Result "1/2-1/2"]
[WhiteElo "2512"]
[BlackElo "2599"]

1.e4 d6 2.d4 Nf6 3.Nc3 e5 4.Nf3 Nbd7 5.Bc4 Be7 6.O-O O-O 7.Re1 a6 8.a4 b6
9.Ne2 Bb7 10.Ng3 exd4 11.Qxd4 Ng4 12.Qd1 Re8 13.Ba2 h6 14.Nd4 Ngf6 15.Bf4 Bf8
16.f3 Ne5 17.c4 g6 18.Qd2 Kh7 19.Rad1 Qd7 20.b3 c5 21.Nde2 b5 22.Nc3 bxc4
23.bxc4 Rad8 24.a5 Qc7 25.Nd5 Bxd5 26.cxd5 Nfd7 27.Bxe5 Nxe5 28.f4 Ng4 29.h3 Nf6
30.Qc3 Bg7 31.e5 dxe5 32.fxe5 Nxd5 33.Rxd5 Rxd5 34.Bxd5 Rxe5 35.Qd2 Rg5 36.Ne4 Bd4+
37.Kh1 Rxd5 38.Nf6+ Bxf6 39.Qxd5 Bd4 40.Qc4 Qb7 41.Rf1 f5  1/2-1/2

[Event "Pays de Charleroi Open 2012"]
[Site "Roux BEL"]
[Date "2012.08.01"]
[Round "6.13"]
[White "Ancion,Merowig"]
[Black "Lacroix,B"]
[Result "0-1"]
[WhiteElo "1956"]
[BlackElo "2183"]

1.e4 d6 2.d4 Nf6 3.Nc3 c6 4.f4 Qa5 5.Bd3 e5 6.Nf3 exd4 7.Nxd4 g6 8.O-O Bg7
9.Kh1 O-O 10.Be3 Nbd7 11.a4 Nc5 12.f5 Re8 13.Qf3 Qb4 14.g4 Nxd3 15.cxd3 Qxb2
16.g5 Ng4 17.Ra2 Qxc3 18.fxg6 Rf8 19.gxf7+ Kh8 20.Nf5 Bxf5 21.exf5 Nxe3 22.Qxe3 Rxf7
23.Raf2 Kg8 24.f6 Qe5 25.Qd2 Raf8 26.Rf5 Qd4 27.R1f4 Qa1+ 28.Kg2 Bxf6 29.gxf6 Rxf6
30.Rg4+ Kh8 31.Rfg5 Qf1+ 32.Kg3 Rf3+  0-1

[Event "30th World Junior Girls"]
[Site "Athens GRE"]
[Date "2012.08.02"]
[Round "1.13"]
[White "Klek,H"]
[Black "Unapkoshvili,N"]
[Result "1-0"]
[WhiteElo "2248"]
[BlackElo "2011"]

1.e4 d6 2.d4 Nf6 3.Nc3 e5 4.Nf3 Nbd7 5.Bc4 Be7 6.O-O O-O 7.a4 exd4 8.Qxd4 Nc5
9.h3 Be6 10.Rd1 Bxc4 11.Qxc4 Qc8 12.Be3 Qe6 13.Qxe6 Nxe6 14.a5 Rfe8 15.Ra4 c5
16.Nd2 Rad8 17.Nd5 Nxd5 18.exd5 Nc7 19.Nc4 Bf6 20.c3 Re4 21.f3 Rh4 22.Bf2 Rh5
23.Bg3 Rxd5 24.Rxd5 Nxd5 25.Nxd6 Rd7 26.Ra1 g6 27.a6 b6 28.Nb5 Ne7 29.Re1 Kg7
30.Nd6 Kf8 31.Bf4 Bg7 32.Kf1 h6 33.h4 f6 34.Nb5 Kf7 35.Ke2 g5 36.Bh2 f5 37.Rd1 Rxd1
38.Kxd1 Nc6 39.Bc7 Ke6 40.hxg5 hxg5 41.Nxa7 Nxa7 42.Bxb6 Bf8 43.Bxa7 Kd7
44.Bb6 Kc6 45.a7 Kb7 46.c4 g4 47.fxg4 fxg4 48.Kc2 Bd6 49.Kd3  1-0

[Event "51st World Juniors"]
[Site "Athens GRE"]
[Date "2012.08.02"]
[Round "1.24"]
[White "Edwards,Jonathan"]
[Black "Indjic,A"]
[Result "0-1"]
[WhiteElo "2170"]
[BlackElo "2481"]

1.e4 d6 2.d4 Nf6 3.Nc3 e5 4.Nge2 Be7 5.f3 c6 6.Be3 exd4 7.Nxd4 O-O 8.Qd2 a5
9.g4 b5 10.O-O-O b4 11.Nce2 a4 12.g5 b3 13.a3 bxc2 14.Kxc2 Ne8 15.Nc3 Nc7
16.Nf5 Bxf5 17.exf5 f6 18.h4 d5 19.g6 Nd7 20.h5 Qb8 21.h6 Qb3+ 22.Kc1 hxg6
23.hxg7 Rfb8 24.Qh2 Qxc3+ 25.bxc3 Bxa3+ 26.Kd2 Rb2+ 27.Ke1 Rxh2 28.Rxh2 Re8
29.Rh8+ Kxg7 30.Rxe8 Nxe8 31.Rb1 Nd6 32.fxg6 Ne5 33.Kf2 Nec4 34.Bxc4 Nxc4
35.Ra1 Kxg6 36.Ke2 Kf5 37.Bf2 Ke6 38.Bd4 f5 39.Bf2 Kd6 40.Bd4 c5 41.Bf6 Kc6
42.Kd1 Kb5 43.Kc2 Bb2 44.Rh1 a3 45.Kb3 Na5+ 46.Ka2 Kc4 47.Rh5 Nb3 48.Rxf5 Nc1+
49.Kb1 Kb3  0-1